000 00683nam a22002411 4500
001 36221
003 BD-RjUL
005 20211209052444.0
008 140618s1961 e b 001 0 eng d
035 _a(BD-RjUL)36318
040 _aDLC
_cDLC
_dBD-RjUL
_beng
041 _aeng
082 0 0 _a320.95404
_bPAI 1961
100 1 _aPalmer, Norman Dunbar
_9110240
245 1 4 _aThe Indian political system /
260 _aLondon :
_bGeorge Allen & Unwin Ltd.,
_c1961.
300 _ax, 277 p. ;
_c22 cm.
504 _aIncludes bibliography and index.
651 0 _aIndia
_xPolitics and government
_y1947-
_9110241
942 _2ddc
_cBK
999 _c36221
_d36221